[Event "It (c)"]
[Site "masterchessopen.com Budapest (Hungary)"]
[Round "1"]
[White "Zivanic Marko (SRB)"]
[Black "Keatinge-Clay Adrian (USA)"]
[Result "1-0"]
[WhiteElo "2300"]
[BlackElo "2336"]

1.d4 Nf6 2.c4 g6 3.Nc3 d5 4.Nf3 Bg7 5.Bg5 Ne4 6.cxd5 Nxg5 7.Nxg5 e6 8.Qd2 exd5
9.Qe3+ Kf8 10.Qf4 f6 11.e4 c6 12.h4 Kg8 13.Nf3 Be6 14.Bd3 Nd7 15.exd5 cxd5
16.h5 g5 17.Qe3 Bf7 18.O-O-O h6 19.Rde1 Bf8 20.Bg6 Nb6 21.Bxf7+ Kxf7 22.Qe6+
Kg7 23.Nh4 Rg8 24.Ng6 Qd6 25.Qf5 Rd8 26.Re6 Qb4 27.Qxf6+ {#r} 1-0

[Event "Ch FEFB (Elite)"]
[Site "masterchessopen.com Charleroi (Belgium)"]
[Round "7"]
[White "Timmermans Daniel (BEL)"]
[Black "Werner Yvan (BEL)"]
[Result "1-0"]
[WhiteElo "2167"]
[BlackElo "2058"]

1.d4 Nf6 2.c4 g6 3.Nc3 d5 4.Nf3 Bg7 5.Bg5 Ne4 6.cxd5 Nxg5 7.Nxg5 e6 8.Qd2 exd5
9.Qe3+ Kf8 10.Qf4 Bf6 11.h4 h6 12.Nf3 Kg7 13.e4 dxe4 14.Nxe4 Re8 15.O-O-O Bf5
16.Nc3 c6 17.g4 Be6 18.g5 Be7 19.gxh6+ Kh7 20.Bd3 Nd7 21.h5 Nf8 22.Rdg1 c5
23.d5 Bxd5 24.Qe5 {#r} 1-0

[Event "Ch Cuba (1/2 final)"]
[Site "masterchessopen.com Cuba"]
[Round "0"]
[White "Ibanez Dagoberto (CUB)"]
[Black "Pujols Carlos (CUB)"]
[Result "0-1"]
[WhiteElo "2279"]
[BlackElo "2320"]

1.d4 Nf6 2.Nf3 g6 3.c4 Bg7 4.Nc3 d5 5.Bg5 Ne4 6.cxd5 Nxg5 7.Nxg5 e6 8.Qd2 exd5
9.Qe3+ Kf8 10.Qf4 Bf6 11.h4 Kg7 12.e3 c5 13.O-O-O h6 14.Nf3 Nc6 15.Bb5 cxd4
16.exd4 h5 17.Ng5 Bf5 18.f3 Rc8 19.g4 hxg4 20.fxg4 Rxh4 21.Nf3 Rxg4 22.Qh6+
Kg8 23.Bxc6 Rxc6 24.Qh7+ Kf8 25.Rdf1 Qa5 26.Kd1 Rxc3 27.bxc3 Qa4+ {#R} 0-1

[Event "Ch Cuba (1/2 final)"]
[Site "masterchessopen.com Cuba"]
[Round "0"]
[White "Perez Luis Manuel (CUB)"]
[Black "Blanco Humberto (CUB)"]
[Result "1-0"]
[WhiteElo "2381"]
[BlackElo "2266"]

1.d4 Nf6 2.c4 g6 3.Nc3 d5 4.Nf3 Bg7 5.Bg5 Ne4 6.cxd5 Nxg5 7.Nxg5 c6 8.dxc6
Nxc6 9.d5 Qa5 10.Qd2 Ne5 11.e4 Bd7 12.Be2 Rc8 13.Rc1 Nc4 14.Bxc4 Rxc4 15.O-O
O-O 16.Qe2 Qc7 17.d6 Qc5 18.b4 Qxg5 19.f4 Qf6 20.Qxc4 Qxd6 21.Nd5 e6 22.Qc7
Qxc7 23.Ne7+ Kh8 24.Rxc7 Ba4 25.e5 Re8 26.Nc8 f6 27.Nd6 Rf8 28.Rxb7 {#r} 1-0

[Event "Verbandsliga North 1999/00"]
[Site "masterchessopen.com Germany"]
[Round "0"]
[White "Kindsvogel Robert (GER)"]
[Black "Kargoll Boris (GER)"]
[Result "0-1"]
[WhiteElo "2279"]
[BlackElo "2263"]

1.d4 Nf6 2.c4 g6 3.Nc3 d5 4.Nf3 Bg7 5.Bg5 Ne4 6.cxd5 Nxg5 7.Nxg5 c6 8.e3 O-O
9.Be2 cxd5 10.Nf3 Nc6 11.O-O e6 12.Rc1 Qe7 13.Na4 Rd8 14.Nc5 e5 15.dxe5 d4
16.e6 fxe6 17.exd4 Nxd4 18.Nxd4 Bxd4 19.Qc2 e5 20.Bf3 Kh8 21.Nb3 Bf5 22.Qd2
Bb6 23.Qh6 e4 24.Rfe1 Qf8 25.Qxf8+ Rxf8 26.Bd1 Be6 27.Rxe4 Bxf2+ {#R} 0-1

[Event "Zt"]
[Site "masterchessopen.com Guatemala City (Guatemala)"]
[Round "2"]
[White "Murillo Alexis (CRC)"]
[Black "Gardellini Arnulfo (PAN)"]
[Result "1-0"]
[WhiteElo "2393"]
[BlackElo "2120"]

1.d4 Nf6 2.c4 g6 3.Nc3 d5 4.Nf3 Bg7 5.Bg5 dxc4 6.e3 c5 7.Bxc4 O-O 8.O-O Bg4
9.h3 cxd4 10.exd4 Bd7 11.Re1 Nc6 12.d5 Na5 13.Bf1 b6 14.Ne5 Rc8 15.Qf3 Bf5
16.Rad1 Ne8 17.Nc6 Nxc6 18.dxc6 Qc7 19.Nd5 Qb8 20.Nxe7+ Kh8 21.Nxc8 Qxc8
22.Rd8 {#r} 1-0

[Event "It (open)"]
[Site "masterchessopen.com Gyongyos (Hungary)"]
[Round "0"]
[White "Kaposztas Miklos (HUN)"]
[Black "Lazar Andras (HUN)"]
[Result "1-0"]
[WhiteElo "2219"]
[BlackElo "2137"]

1.c4 Nf6 2.Nc3 d5 3.d4 g6 4.Nf3 Bg7 5.Bg5 c6 6.e3 Qa5 7.Qb3 Nbd7 8.cxd5 Ne4
9.dxc6 bxc6 10.Bf4 c5 11.Bc4 O-O 12.O-O Nxc3 13.bxc3 e6 14.Rab1 cxd4 15.cxd4
Nb6 16.Bc7 Ba6 17.Bxa6 Qxa6 18.Rfc1 Nd5 19.e4 Nxc7 20.Rxc7 Rab8 21.Qxb8 Rxb8
22.Rxb8+ Bf8 23.Rcc8 Qxa2 24.h4 Qa1+ 25.Kh2 Kg7 26.Rxf8 Qc1 27.Ng5 Qf4+ 28.Kh3
{#r} 1-0

[Event "Olympiad"]
[Site "masterchessopen.com Istanbul (Turkey)"]
[Round "14"]
[White "Brittner Serge (LUX)"]
[Black "Ahmad Aziz (IRQ)"]
[Result "1-0"]
[WhiteElo "2181"]
[BlackElo "2343"]

1.d4 Nf6 2.c4 g6 3.Nc3 d5 4.Nf3 Bg7 5.Bg5 Ne4 6.cxd5 Nxg5 7.Nxg5 e6 8.Qd2 exd5
9.Qe3+ Kf8 10.Qf4 Bf6 11.h4 Kg7 12.e4 dxe4 13.O-O-O Nc6 14.Bc4 Rf8 15.Ncxe4
Na5 16.Nxf7 Rxf7 17.Bxf7 Bf5 18.Bb3 Nxb3+ 19.axb3 Qd5 20.Qxc7+ Kf8 21.Nxf6
{#r} 1-0

[Event "It"]
[Site "masterchessopen.com La Paz (Bolivia)"]
[Round "5"]
[White "Mendez Ernesto (ARG)"]
[Black "Lopez Marcial (BOL)"]
[Result "1-0"]
[WhiteElo "2419"]
[BlackElo "2182"]

1.d4 Nf6 2.c4 g6 3.Nc3 d5 4.Nf3 Bg7 5.Bg5 Ne4 6.cxd5 Nxg5 7.Nxg5 e6 8.Nf3 exd5
9.b4 c6 10.e3 O-O 11.Be2 a6 12.a4 Nd7 13.O-O f5 14.b5 axb5 15.axb5 Rxa1
16.Qxa1 f4 17.bxc6 bxc6 18.e4 dxe4 19.Nxe4 Nf6 20.Bc4+ Kh8 21.Neg5 Nd5 22.Re1
Bf6 23.h4 h6 24.Ne6 Bxe6 25.Rxe6 Qd7 26.Qe1 Nc7 27.Ne5 Qg7 28.Rxc6 {#r} 1-0

[Event "It (open)"]
[Site "masterchessopen.com Pardubice (Czech Republic)"]
[Round "1"]
[White "Busu Corneliu (ROM)"]
[Black "Konopka Michal (CZE)"]
[Result "0-1"]
[WhiteElo "2262"]
[BlackElo "2453"]

1.d4 Nf6 2.c4 g6 3.Nc3 d5 4.Nf3 Bg7 5.Bg5 Ne4 6.cxd5 Nxg5 7.Nxg5 O-O 8.Nf3 c6
9.dxc6 Nxc6 10.e3 e5 11.dxe5 Nxe5 12.Nxe5 Bxe5 13.Qxd8 Rxd8 14.Rd1 Be6
15.Rxd8+ Rxd8 16.a3 Bb3 17.Be2 b6 18.h4 Bxc3+ 19.bxc3 Rd5 20.h5 Ra5 21.Rh4
Rxa3 22.Rd4 Kg7 23.hxg6 hxg6 24.f4 Ra2 25.Rd7 a5 26.Rb7 a4 27.Rxb6 Rb2 {#R}
0-1

[Event "Ch Romania (1/2 final)"]
[Site "masterchessopen.com Tusnad (Romania)"]
[Round "1"]
[White "Dumitrache Dragos-Nicolae (ROM)"]
[Black "Bartha Andrei (ROM)"]
[Result "1-0"]
[WhiteElo "2443"]
[BlackElo "2166"]

1.d4 Nf6 2.c4 g6 3.Nc3 d5 4.Nf3 Bg7 5.Bg5 Ne4 6.cxd5 Nxg5 7.Nxg5 e6 8.Nf3 exd5
9.e3 O-O 10.b4 a5 11.b5 Be6 12.Be2 Nd7 13.Rc1 Qe7 14.O-O f5 15.g3 Kh8 16.Na4
Qd6 17.Nc5 Nxc5 18.Rxc5 h6 19.Qc2 g5 20.Rxc7 Rac8 21.Rc5 f4 22.exf4 gxf4
23.Rxc8 Rxc8 24.Qg6 fxg3 25.Bd3 {#r} 1-0

[Event "It (open)"]
[Site "masterchessopen.com Vlissingen (Netherlands)"]
[Round "1"]
[White "Delemarre Jop (NED)"]
[Black "Westerweele M (NED)"]
[Result "1-0"]
[WhiteElo "2347"]
[BlackElo "1911"]

1.d4 Nf6 2.c4 g6 3.Nc3 d5 4.Nf3 Bg7 5.Bg5 Ne4 6.cxd5 Nxg5 7.Nxg5 c6 8.dxc6
Nxc6 9.d5 Ne5 10.e3 O-O 11.Be2 e6 12.Nge4 exd5 13.Qxd5 Be6 14.Qxb7 Rb8 15.Qxa7
Rxb2 16.O-O Nc6 17.Qc5 Qa8 18.Bf3 Qa6 19.Rab1 Rfb8 20.Rxb2 Rxb2 21.Ng5 Ne5
22.Bd5 Nd7 23.Qc7 Qb6 24.Qc8+ Nf8 25.Nxe6 fxe6 26.Na4 Qd6 27.Nxb2 {#r} 1-0

[Event "It (open)"]
[Site "masterchessopen.com Witley (England)"]
[Round "2"]
[White "Peck Philip J (ENG)"]
[Black "Fish Jonathan (ENG)"]
[Result "1-0"]
[WhiteElo "2065"]
[BlackElo "2011"]

1.d4 Nf6 2.c4 g6 3.Nf3 Bg7 4.Nc3 d5 5.Bg5 dxc4 6.e3 O-O 7.Bxc4 Nc6 8.O-O a6
9.Rc1 h6 10.Bh4 Bg4 11.Be2 Qd7 12.a3 Rad8 13.Na4 Ne4 14.Qc2 Bf5 15.Bd3 Nd6
16.Nc5 Bxd3 17.Qxd3 Qc8 18.Nxa6 Nf5 19.Nc5 Nxh4 20.Nxh4 e5 21.Qb5 Ne7 22.dxe5
b6 23.Nd3 c6 24.Qb3 Qg4 25.Nf3 Nd5 26.Rxc6 {#r} 1-0

[Event "It (open)"]
[Site "masterchessopen.com Agtelek (Hungary)"]
[Date "2000.03.10"]
[Round "4"]
[White "Turzo Attila (HUN)"]
[Black "Blasko Istvan (HUN)"]
[Result "1-0"]
[WhiteElo "2360"]
[BlackElo "2383"]

1.d4 Nf6 2.c4 g6 3.Nc3 d5 4.Nf3 Bg7 5.Bg5 c5 6.Bxf6 Bxf6 7.cxd5 Qb6 8.e3 cxd4
9.Bb5+ Kf8 10.Nxd4 a6 11.Qa4 Ra7 12.Be2 Qxb2 13.O-O Bd7 14.Bb5 Qxc3 15.Rac1
Qb2 16.Rb1 Bxb5 17.Nxb5 axb5 18.Qxa7 Qe5 19.Rxb5 Kg7 20.Rxb7 Rd8 21.e4 Qh5
22.g3 Qe5 23.Rfb1 Qxe4 24.R7b4 Qxd5 25.Rxb8 Rxb8 26.Rxb8 Bd4 27.Qxe7 {#r} 1-0

[Event "It (open)"]
[Site "masterchessopen.com Apeldorn (Netherlands)"]
[Round "0"]
[White "Peek Maurice (NED)"]
[Black "Pruijssers Roeland (NED)"]
[Result "1-0"]
[WhiteElo "2309"]
[BlackElo "2475"]

1.d4 Nf6 2.c4 g6 3.Nc3 d5 4.Nf3 Bg7 5.Bg5 c6 6.Qb3 dxc4 7.Qxc4 Qb6 8.b3 Be6
9.Qd3 Na6 10.Rc1 Rd8 11.h3 Nb4 12.Qb1 h6 13.Bd2 Nbd5 14.Na4 Qc7 15.e4 Nb6
16.Nc5 Qc8 17.d5 Bd7 18.a4 O-O 19.a5 Na8 20.a6 bxa6 21.Bxa6 Qb8 22.Nxd7 Nxd7
23.Rxc6 Ne5 24.Nxe5 Qxe5 25.O-O Nb6 26.Kh1 Qb8 {#r} 1-0

[Event "It (cat.4)"]
[Site "masterchessopen.com Bajmok (Yugoslavia)"]
[Round "12"]
[White "Rajkovic Dusan (SRB)"]
[Black "Vidic Stevan (SRB)"]
[Result "1-0"]
[WhiteElo "2518"]
[BlackElo "2249"]

1.d4 Nf6 2.c4 g6 3.Nc3 d5 4.Nf3 Bg7 5.Bg5 dxc4 6.e4 O-O 7.Bxc4 Bg4 8.Be2 h6
9.Be3 c6 10.Qd2 Kh7 11.e5 Nd5 12.Ng5+ hxg5 13.Bxg4 Nxe3 14.Qxe3 f5 15.exf6
Bxf6 16.O-O-O Qa5 17.Ne4 Kg7 18.Kb1 Na6 19.h4 Nb4 20.Qa3 Qb5 21.hxg5 Bxg5
22.Nxg5 Qxg5 23.Qxb4 Qxg4 24.Qxe7+ Rf7 25.Rh7+ {#r} 1-0

[Event "It (open)"]
[Site "masterchessopen.com Biel (Switzerland)"]
[Round "3"]
[White "Battaggia Piergiorgio (ITA)"]
[Black "Gutkin Boris (ISR)"]
[Result "0-1"]
[WhiteElo "2110"]
[BlackElo "2322"]

1.d4 Nf6 2.c4 g6 3.Nc3 d5 4.Nf3 Bg7 5.Bg5 Ne4 6.cxd5 Nxg5 7.Nxg5 e6 8.Nf3 exd5
9.e3 O-O 10.Rc1 c6 11.Be2 Qb6 12.Qd2 Bf5 13.O-O Nd7 14.Ne1 Rfe8 15.Nd3 Bh6
16.Rfd1 Qd8 17.b4 b5 18.a4 a6 19.a5 Qf6 20.Nc5 Nxc5 21.dxc5 Rad8 22.Qd4 Qxd4
23.Rxd4 Rxe3 {#R} 0-1

[Event "Ch Hungary (juniors) (under 20)"]
[Site "masterchessopen.com Budapest (Hungary)"]
[Round "3"]
[White "Banusz Tamas (HUN)"]
[Black "Ujj Daniel (HUN)"]
[Result "1-0"]
[WhiteElo "2197"]
[BlackElo "2143"]

1.d4 Nf6 2.c4 g6 3.Nc3 d5 4.Nf3 Bg7 5.Bg5 Ne4 6.Bh4 Nxc3 7.bxc3 c5 8.cxd5 Qxd5
9.e3 O-O 10.Bxe7 Re8 11.Bxc5 b6 12.Ba3 Bb7 13.Be2 g5 14.h3 Nd7 15.Qb3 Qf5
16.Qb5 Qc2 17.O-O Qxc3 18.Qxd7 Bxf3 19.Bxf3 Rad8 20.Qa4 b5 21.Qb3 {#r} 1-0

[Event "Tournament (Elo) (b)"]
[Site "masterchessopen.com Budapest (Hungary)"]
[Round "8"]
[White "Koczo Kristof (HUN)"]
[Black "Bustamante Oscar (ARG)"]
[Result "0-1"]
[WhiteElo "2043"]
[BlackElo "2160"]

1.d4 Nf6 2.c4 g6 3.Nc3 d5 4.Nf3 Bg7 5.Bg5 c6 6.e3 O-O 7.Qb3 e6 8.Bd3 Nbd7
9.cxd5 exd5 10.O-O h6 11.Bh4 g5 12.Bg3 Nh5 13.Bd6 Re8 14.e4 g4 15.Nd2 Bxd4
16.exd5 Ndf6 17.dxc6 Qxd6 18.cxb7 Bxb7 19.Qxb7 Bxc3 20.Bc4 Bxd2 21.Bxf7+ Kh8
22.Bxe8 Rxe8 23.Qxa7 Nf4 24.Rad1 Qc6 {#R} 0-1

[Event "Ch Czech Republic (seniors) (team) 2001/02"]
[Site "masterchessopen.com Czech Republic"]
[Round "0"]
[White "Netusil Miroslav (CZE)"]
[Black "Klicnar Martin (CZE)"]
[Result "1-0"]
[WhiteElo "2291"]
[BlackElo "2271"]

1.d4 Nf6 2.c4 g6 3.Nc3 d5 4.Nf3 Bg7 5.Bg5 Ne4 6.Bh4 Nxc3 7.bxc3 c5 8.e3 Nc6
9.Be2 O-O 10.O-O dxc4 11.Bxc4 Bg4 12.Be2 cxd4 13.cxd4 Qa5 14.Qb3 Rab8 15.h3
Bf5 16.Rad1 e5 17.d5 Nd8 18.Be7 Re8 19.Bd6 Rc8 20.Qb5 Qxb5 21.Bxb5 Bf8 22.Bxe5
{#r} 1-0

[Event "Oberliga Baden 2000/01"]
[Site "masterchessopen.com Germany"]
[Round "4"]
[White "Schaufelberger Heinz (SUI)"]
[Black "Kuemin Simon (SUI)"]
[Result "1-0"]
[WhiteElo "2281"]
[BlackElo "2300"]

1.d4 Nf6 2.c4 g6 3.Nc3 d5 4.Nf3 Bg7 5.Bg5 Ne4 6.cxd5 Nxg5 7.Nxg5 e6 8.Nf3 exd5
9.e3 O-O 10.Be2 a5 11.O-O Re8 12.a3 Bf8 13.Ne5 c6 14.Rc1 Bd6 15.Nd3 Qg5 16.Bf3
Nd7 17.e4 dxe4 18.Nxe4 Qe7 19.Re1 Rd8 20.Qb3 Nf8 21.Ndc5 Bf4 22.Rcd1 Ne6
23.Qc3 Nc7 24.d5 Be5 25.d6 {#r} 1-0

[Event "Ch Germany (juniors) (team)"]
[Site "masterchessopen.com Greifswald (Germany)"]
[Round "6"]
[White "Walter Stefan (GER)"]
[Black "Schaffer Hendrik (GER)"]
[Result "0-1"]
[WhiteElo "2169"]
[BlackElo "2161"]

1.d4 Nf6 2.c4 g6 3.Nc3 d5 4.Nf3 Bg7 5.Bg5 Ne4 6.cxd5 Nxg5 7.Nxg5 e6 8.Nf3 exd5
9.b4 O-O 10.e3 c6 11.Be2 Be6 12.Na4 Nd7 13.Rc1 Qe7 14.Qb3 Rac8 15.Nc5 Nxc5
16.bxc5 Rce8 17.Qa4 f5 18.g3 Bc8 19.Kd2 f4 20.gxf4 Rxf4 21.Qd1 Rf7 22.h3 Bf5
23.Rh2 Be4 24.Ng1 Qc7 25.f4 Bxd4 {#R} 0-1

[Event "Ch Yugoslavia (team) (1 liga)"]
[Site "masterchessopen.com Herceg Novi (Montenegro)"]
[Round "9"]
[White "Rajkovic Dusan (SRB)"]
[Black "Nestorovic Dejan (SRB)"]
[Result "1-0"]
[WhiteElo "2518"]
[BlackElo "2428"]

1.d4 Nf6 2.c4 g6 3.Nc3 d5 4.Nf3 Bg7 5.Bg5 dxc4 6.e3 Be6 7.Ne5 c5 8.Qa4+ Nbd7
9.Bxc4 Bxc4 10.Qxc4 Nxe5 11.dxe5 Nd7 12.e6 Ne5 13.Qb5+ Kf8 14.Rd1 Qe8 15.Qxb7
fxe6 16.Bxe7+ Kg8 17.Bxc5 Rb8 18.Qe4 Rxb2 19.O-O h6 20.Rd6 Kh7 21.Bd4 {#r} 1-0

[Event "It (open)"]
[Site "masterchessopen.com Naujac (France)"]
[Round "4"]
[White "Siebrecht Sebastian (GER)"]
[Black "Monroy Charles (FRA)"]
[Result "1-0"]
[WhiteElo "2431"]
[BlackElo "2278"]

1.d4 Nf6 2.Nf3 g6 3.c4 Bg7 4.Nc3 d5 5.Bg5 Ne4 6.Bh4 Nxc3 7.bxc3 c5 8.e3 Nc6
9.Be2 O-O 10.O-O dxc4 11.Bxc4 Bg4 12.Rc1 Qc7 13.h3 Bd7 14.Qe2 Rae8 15.Rfd1 b6
16.d5 Na5 17.Bxe7 Rxe7 18.d6 Qd8 19.dxe7 Qxe7 20.Bd5 Rd8 21.Rd2 Ba4 22.Qd3
{#r} 1-0

[Event "Ch World (juniors) (under 18) (g)"]
[Site "masterchessopen.com Oropesa (Spain)"]
[Round "6"]
[White "Djuric Vesna (SRB)"]
[Black "Mamedjarova Zeinab (AZE)"]
[Result "0-1"]
[WhiteElo "2031"]
[BlackElo "2231"]

1.d4 Nf6 2.c4 g6 3.Nc3 d5 4.Nf3 Bg7 5.Bg5 Ne4 6.cxd5 Nxg5 7.Nxg5 e6 8.Qd2 exd5
9.Qe3+ Kf8 10.Qf4 Bf6 11.h4 c6 12.O-O-O Kg7 13.e4 h6 14.Nxf7 Qf8 15.Ne5 Bg5
{#R} 0-1

[Event "It (open)"]
[Site "masterchessopen.com Santo-Domingo (USA)"]
[Round "3"]
[White "Rojas Ramon (DOM)"]
[Black "Coplin Jose (DOM)"]
[Result "0-1"]
[WhiteElo "1833"]
[BlackElo "2137"]

1.c4 Nf6 2.d4 g6 3.Nc3 d5 4.Nf3 Bg7 5.Bg5 c6 6.c5 b5 7.b4 a5 8.a3 Ne4 9.Bd2
Nxd2 10.Kxd2 O-O 11.h3 Nd7 12.e3 e5 13.Be2 exd4 14.Nxd4 Bxd4 15.exd4 Qg5+
16.Kc2 Qxg2 17.Qg1 Qxg1 18.Rhxg1 Nf6 19.h4 Bf5+ 20.Kb3 Rfe8 21.bxa5 Ne4
22.Nxe4 Rxe4 {#R} 0-1

[Event "It (open)"]
[Site "masterchessopen.com Tapolca (Hungary)"]
[Round "2"]
[White "Jakab Attila (HUN)"]
[Black "Ronyai Imre (HUN)"]
[Result "1-0"]
[WhiteElo "2369"]
[BlackElo "2095"]

1.d4 Nf6 2.c4 g6 3.Nc3 d5 4.Nf3 Bg7 5.Bg5 Ne4 6.cxd5 Nxg5 7.Nxg5 e6 8.Qd2 O-O
9.dxe6 fxe6 10.Nf3 Nc6 11.e3 Kh8 12.h4 a6 13.Bd3 Nb4 14.O-O-O Nxd3+ 15.Qxd3 b5
16.h5 g5 17.Ne4 h6 18.Ne5 Bxe5 19.dxe5 Qxd3 20.Rxd3 Bb7 21.Nf6 Bxg2 22.Rg1 Bc6
23.f4 gxf4 24.exf4 Be8 25.Rdg3 {#r} 1-0

[Event "Ch Poland (juniors) (under 18)"]
[Site "masterchessopen.com Zakopane (Poland)"]
[Round "2"]
[White "Szymanski Piotr (POL)"]
[Black "Blandzi Daniel (POL)"]
[Result "0-1"]
[WhiteElo "2110"]
[BlackElo "2135"]

1.d4 Nf6 2.c4 g6 3.Nc3 d5 4.Nf3 Bg7 5.Bg5 Ne4 6.cxd5 Nxg5 7.Nxg5 O-O 8.e3 c6
9.dxc6 Nxc6 10.Nf3 e5 11.d5 e4 12.dxc6 exf3 13.Qxf3 Qb6 14.Qe2 bxc6 15.Rc1 Rb8
16.b3 Rd8 17.Qb2 Ba6 18.Bxa6 Qxa6 19.Qe2 Qa5 20.Qc2 Rb5 21.O-O Rc5 22.b4 Qxb4
23.Qa4 Bxc3 24.Qxa7 Rcd5 25.a3 Qb3 26.Rb1 Qxb1 {#R} 0-1

[Event "It (cat.2)"]
[Site "masterchessopen.com Budapest (Hungary)"]
[Round "9"]
[White "Schneider Attila (HUN)"]
[Black "Varadi Viktor (HUN)"]
[Result "0-1"]
[WhiteElo "2302"]
[BlackElo "2338"]

1.d4 Nf6 2.c4 g6 3.Nc3 d5 4.Nf3 Bg7 5.Bg5 Ne4 6.Bh4 Nxc3 7.bxc3 dxc4 8.Qa4+
Qd7 9.Qxc4 b6 10.e3 Ba6 11.Qb3 Bxf1 12.Kxf1 c5 13.Ke2 O-O 14.Rhd1 cxd4 15.cxd4
Nc6 16.Rac1 Rac8 17.Qa3 e6 18.Rc3 Na5 19.Rdc1 Qb5+ 20.Ke1 Rxc3 21.Qxc3 Re8
22.Ne5 f6 23.Nc6 Bf8 24.Nxa7 Qa6 25.Nc8 Nc6 26.Qb3 Bb4+ 27.Kd1 Qf1+ {#R} 0-1

[Event "Tournament (Elo) (b)"]
[Site "masterchessopen.com Budapest (Hungary)"]
[Round "3"]
[White "Koczo Kristof (HUN)"]
[Black "Lakat Gyula (HUN)"]
[Result "1-0"]
[WhiteElo "2081"]
[BlackElo "1998"]

1.d4 Nf6 2.c4 g6 3.Nc3 d5 4.Nf3 Bg7 5.Bg5 a6 6.Bxf6 exf6 7.cxd5 f5 8.e3 b5
9.Qb3 O-O 10.Bd3 Kh8 11.O-O Nd7 12.a4 bxa4 13.Rxa4 Nb6 14.Ra5 g5 15.Qc2 g4
16.Nd2 f4 17.Bf5 Qg5 18.Bxc8 Raxc8 19.Qd3 f3 20.Nde4 Qg6 21.Rxa6 h5 22.Nc5 Qg5
23.d6 Nd5 24.N5e4 Qf5 25.Nxd5 Qxd5 26.d7 Rcd8 27.Rh6+ Bxh6 28.Nf6 {#r} 1-0

[Event "Memorial M.Najdorf (open)"]
[Site "masterchessopen.com Buenos Aires (Argentina)"]
[Round "2"]
[White "Martinoli Jeremias (ARG)"]
[Black "Prieto Marcelo (ARG)"]
[Result "0-1"]
[WhiteElo "1918"]
[BlackElo "2077"]

1.d4 Nf6 2.Nf3 g6 3.c4 Bg7 4.Nc3 d5 5.Bg5 Ne4 6.Nxd5 Nxg5 7.Nxg5 e6 8.Nxc7+
Qxc7 9.e3 Qa5+ 10.Qd2 Qxg5 11.O-O-O O-O 12.h4 Qe7 13.h5 Nc6 14.Bd3 e5 15.hxg6
hxg6 16.d5 e4 17.Bb1 Ne5 18.b3 Qa3+ 19.Kc2 Nxc4 {#R} 0-1

[Event "Ch Czech Republic (team) (juniors) 2001/02"]
[Site "masterchessopen.com Czech Republic"]
[Round "8"]
[White "Hallerova Eva (CZE)"]
[Black "Filipi Stepan (CZE)"]
[Result "1-0"]
[WhiteElo "2152"]
[BlackElo "2136"]

1.d4 Nf6 2.Nf3 g6 3.c4 Bg7 4.Nc3 d5 5.Bg5 Ne4 6.Bh4 Nxc3 7.bxc3 c5 8.e3 Nc6
9.Rb1 O-O 10.Be2 dxc4 11.O-O Qc7 12.Qa4 Bf5 13.Rb2 b5 14.Rxb5 cxd4 15.cxd4 Bd7
16.Qxc4 Rfc8 17.Rc5 Qb6 18.Rc1 e6 19.Qd3 Bf8 20.R5c3 Nb4 21.Qb1 Qa5 22.Bc4
Rab8 23.Qa1 Nd5 24.Rb3 Ba3 25.Rc2 Nb4 26.Rcc3 Rxc4 27.Rxc4 Nd5 28.Rxb8+ Bf8
{#r} 1-0

[Event "It (open)"]
[Site "masterchessopen.com Dubai (United Arab Emirates)"]
[Round "1"]
[White "Ahmed Khan Zameer (IND)"]
[Black "Odeev Handszar (TKM)"]
[Result "0-1"]
[WhiteElo "2020"]
[BlackElo "2453"]

1.d4 Nf6 2.c4 g6 3.Nc3 d5 4.Nf3 Bg7 5.Bg5 dxc4 6.e3 Be6 7.Rc1 c6 8.Nd2 b5 9.a4
a6 10.Bxf6 exf6 11.Nce4 f5 12.Nc5 Bd5 13.b3 cxb3 14.Ndxb3 O-O 15.h4 h5 16.a5
Ra7 17.f3 Re8 18.Kf2 Rae7 19.e4 fxe4 20.fxe4 Bxb3 21.Nxb3 Rxe4 {#R} 0-1

[Event "Ch France (team) (2) 2001/02"]
[Site "masterchessopen.com France"]
[Round "7"]
[White "Dumitran Octavian (FRA)"]
[Black "Bernard Christophe (FRA)"]
[Result "0-1"]
[WhiteElo "2308"]
[BlackElo "1694"]

1.d4 Nf6 2.c4 g6 3.Nc3 d5 4.Nf3 Bg7 5.Bg5 dxc4 6.e3 Be6 7.Nd2 c5 8.Bxf6 Bxf6
9.Nde4 cxd4 10.Nxf6+ exf6 11.exd4 Bd5 12.Qa4+ Nc6 13.O-O-O O-O 14.Qb5 Ne7
15.Re1 Bc6 16.Qxc4 Rc8 17.Qb4 Nd5 18.Qb3 Qa5 19.Kb1 Nxc3+ 20.bxc3 Bd5 {#R} 0-1

[Event "Hessenliga 2001/02"]
[Site "masterchessopen.com Germany"]
[Round "6"]
[White "Erwes Theo (GER)"]
[Black "Meiser Markus (GER)"]
[Result "1-0"]
[WhiteElo "2118"]
[BlackElo "2176"]

1.d4 Nf6 2.c4 g6 3.Nc3 d5 4.Nf3 Bg7 5.Bg5 dxc4 6.e3 c5 7.Bxc4 cxd4 8.Qxd4 Qxd4
9.Nxd4 Nbd7 10.O-O a6 11.Rfd1 h6 12.Bh4 O-O 13.Rac1 b5 14.Bd5 Nxd5 15.Nxd5
Bxd4 16.Rxd4 e5 17.Rdd1 g5 18.Bg3 Kg7 19.Rc7 Re8 20.h3 Rb8 21.Nb4 Nb6 22.Rdc1
Rb7 23.Nxa6 Nc4 24.b3 {#r} 1-0

[Event "It"]
[Site "masterchessopen.com Hamburg (Germany)"]
[Round "4"]
[White "Meier David-Geffrey (GER)"]
[Black "Stephan Axel (GER)"]
[Result "1-0"]
[WhiteElo "2158"]
[BlackElo "2284"]

1.d4 Nf6 2.c4 g6 3.Nc3 d5 4.Nf3 Bg7 5.Bg5 Ne4 6.Bh4 Nxc3 7.bxc3 dxc4 8.Qa4+
Qd7 9.Qxc4 b6 10.e3 Ba6 11.Qb3 Bxf1 12.Kxf1 c5 13.Ke2 O-O 14.Rhd1 cxd4 15.cxd4
Rc8 16.Rac1 Na6 17.Kf1 e6 18.Ne5 Qb7 19.Qb5 Nb8 20.Kg1 Bf8 21.Ng4 a6 22.Nf6+
Kh8 23.Rxc8 axb5 24.Rxf8+ Kg7 25.Rg8+ Kh6 26.f4 {#r} 1-0

[Event "Ch Iceland (team) 2002/03"]
[Site "masterchessopen.com Iceland"]
[Round "1"]
[White "Einarsson Halldor (ISL)"]
[Black "Sokolov Ivan (NED)"]
[Result "0-1"]
[WhiteElo "2300"]
[BlackElo "2688"]

1.d4 Nf6 2.c4 g6 3.Nc3 d5 4.Nf3 Bg7 5.Bg5 dxc4 6.e4 c5 7.dxc5 Qa5 8.Bxc4 Nxe4
9.Bxf7+ Kxf7 10.Qd5+ Be6 11.Qxe4 Bxc3+ 12.bxc3 Qxc3+ 13.Bd2 Qxa1+ 14.Ke2 Qxa2
15.Ng5+ Kg8 16.Nxe6 Nd7 17.Nc7 Rf8 18.Qd4 Nf6 19.Ra1 Qb3 20.Rxa7 h5 21.Qe5 Kf7
22.Ra4 Qxa4 {#R} 0-1

[Event "Ch ICC (blitz) (final)"]
[Site "masterchessopen.com Internet"]
[Round "1"]
[White "Kempinski Robert (POL)"]
[Black "Vukanovic Sasa (SRB)"]
[Result "1-0"]
[WhiteElo "2545"]
[BlackElo "2348"]

1.d4 Nf6 2.c4 g6 3.Nc3 d5 4.Nf3 Bg7 5.Bg5 dxc4 6.e4 Bg4 7.Bxc4 Bxf3 8.gxf3 O-O
9.Qd2 Nh5 10.d5 c6 11.d6 Qxd6 12.Qxd6 exd6 13.Be7 Re8 14.Bxd6 b5 15.Bb3 a5
16.a3 Nd7 17.O-O-O Ne5 18.Bxe5 Bxe5 19.Rd7 Rf8 20.a4 b4 21.Ne2 Nf6 22.Rb7 Rfb8
23.Rxf7 Kh8 24.f4 {#r} 1-0